Statistiken für Länder Afrikas durch die ersten 2 Buchstaben

Klicken Sie hier um das Quiz zu spielen!

Allgemein

  • Dieses Quiz wurde 2.477 mal gespielt
  • Das Durchschnittsergebnis liegt bei 43 aus 54

Antworten auf der Karte

Die Antworten werden auf der Karte rot bzw. grün angezeigt, abhängig davon wie oft sie richtig erraten wurden.
 

Antwortstatistiken

Land% Korrekt
Madagaskar
97%
Malawi
97%
Mali
96%
Marokko
96%
Mauretanien
96%
Mauritius
96%
Ägypten
95%
Südafrika
95%
Sudan
95%
Südsudan
95%
Algerien
94%
Kongo (Rep)
90%
Liberia
90%
Libyen
90%
Kongo
(Dem Rep)
89%
Komoren
87%
Niger
86%
Nigeria
86%
Tunesien
85%
Somalia
82%
Äthiopien
80%
Senegal
79%
Seychellen
79%
Angola
77%
Gabun
77%
Gambia
77%
Sambia
77%
São Tomé und
Príncipe
77%
Tschad
77%
Cabo Verde
76%
Kamerun
76%
Namibia
76%
Sierra Leone
76%
Simbabwe
76%
Kenia
75%
Ghana
74%
Côte d'Ivoire
73%
Tansania
73%
Mosambik
71%
Togo
71%
Burkina Faso
70%
Burundi
70%
Eritrea
70%
Guinea
70%
Guinea-Bissau
70%
Zentralafrikanische
Republik
68%
Botswana
67%
Benin
66%
Lesotho
66%
Uganda
61%
Dschibuti
59%
Ruanda
58%
Äquatorial-
Guinea
57%
Eswatini
55%

Verteilung der Resultate

Perzentil nach korrekt beantworteten Fragen

Anzahl Personen mit jedem Resultat

Ihre Resultats-Entwicklung

Sie haben dieses Quiz noch nicht gespielt